000 00554nam a2200193Ia 4500
005 20260114185535.0
008 008 260114s9999 xx 000 0 eng d
020 _a9781350022188
037 _aEBOOK
040 _aCRL
_beng
_cCRL
041 _aeng
_2eng
084 _qCRL
100 _aAlex Mermikides
_9871321
245 0 _aPerformance, Medicine and the Human
260 _bBloomsbury
_c2020
856 _uhttp://dx.doi.org/10.5040/9781350022188?locatt=label:secondary_bloomsburyCollections
942 _cEBOOK
999 _c1470269
_d1470269